5 Biggest Cities in Each European Country on a Map - Statistics

General Stats
  • This quiz has been taken 163 times
  • The average score is 122 of 196
Answers on the Map
Answers color-coded by a green-red scale on the quiz's map according to % correct below.
 
Answer Stats
Country City % Correct
United Kingdom Glasgow
99%
United Kingdom London
99%
Spain Barcelona
98%
Ireland Dublin
98%
United Kingdom Liverpool
98%
Spain Madrid
98%
France Paris
98%
Italy Rome
98%
United Kingdom Birmingham
97%
Italy Milan
97%
Netherlands Amsterdam
96%
Greece Athens
96%
Germany Berlin
96%
Ukraine Kyiv
96%
Russia Moscow
96%
Italy Naples
96%
Norway Oslo
96%
Spain Valencia
96%
Austria Vienna
96%
Denmark Copenhagen
95%
Germany Hamburg
95%
France Marseille
95%
Germany Munich
95%
Czech Republic Prague
95%
Bulgaria Sofia
95%
Russia St. Petersburg
95%
Poland Warsaw
95%
Croatia Zagreb
95%
Romania Bucharest
94%
Germany Frankfurt am Main
94%
Turkey Istanbul
94%
Portugal Lisbon
94%
Sweden Stockholm
94%
Italy Turin
94%
Switzerland Zurich
94%
Switzerland Bern
93%
Belgium Brussels
93%
Finland Helsinki
93%
France Lyon
93%
Netherlands Rotterdam
93%
Hungary Budapest
92%
Belarus Minsk
92%
France Nice
92%
Italy Palermo
92%
Portugal Porto
92%
Albania Tirana
92%
Belgium Antwerp
91%
Serbia Belgrade
91%
Ireland Cork
91%
Latvia Riga
90%
Spain Seville
90%
Greece Thessaloniki
90%
France Toulouse
90%
Slovakia Bratislava
89%
Germany Cologne
89%
United Kingdom Leeds
89%
Luxembourg Luxembourg
89%
Bosnia and Herzegovina Sarajevo
89%
Estonia Tallinn
89%
Netherlands The Hague
89%
Switzerland Geneva
88%
Poland Kraków
88%
Lithuania Vilnius
88%
Sweden Gothenburg
87%
Austria Graz
87%
Slovenia Ljubljana
87%
Sweden Malmö
87%
Croatia Split
87%
Norway Bergen
86%
Ukraine Odessa
86%
North Macedonia Skopje
86%
Ukraine Donetsk
85%
Iceland Reykjavík
84%
Spain Zaragoza
84%
Czech Republic Brno
82%
Moldova Chișinău
82%
Austria Innsbruck
82%
Austria Salzburg
82%
Switzerland Basel
80%
Ukraine Kharkiv
79%
Austria Linz
79%
Ukraine Dnipro
78%
Belgium Ghent
78%
Montenegro Podgorica
78%
Denmark Aarhus
77%
Russia Kazan
77%
Romania Cluj-Napoca
75%
Poland Łódź
75%
Kosovo Pristina
75%
Bulgaria Plovdiv
73%
Netherlands Utrecht
73%
Poland Wrocław
73%
Russia Nizhny Novgorod
72%
Lithuania Kaunas
71%
Greece Heraklion
69%
Serbia Novi Sad
69%
Switzerland Lausanne
67%
Norway Trondheim
67%
Bulgaria Varna
67%
Finland Turku
66%
Netherlands Eindhoven
65%
Belgium Liège
65%
Sweden Uppsala
63%
Ireland Galway
62%
Denmark Aalborg
61%
Poland Poznań
61%
Belarus Brest
60%
Slovakia Košice
60%
Hungary Debrecen
59%
Ireland Limerick
59%
Czech Republic Ostrava
59%
Czech Republic Plzeň
59%
Belgium Charleroi
58%
Romania Timișoara
58%
Denmark Odense
57%
Finland Tampere
57%
Moldova Tiraspol
57%
Portugal Braga
55%
Serbia Niš
55%
Albania Durrës
54%
Slovenia Maribor
54%
Croatia Rijeka
54%
Finland Espoo
53%
Bosnia and Herzegovina Banja Luka
52%
Bulgaria Burgas
52%
Romania Constanța
52%
Estonia Tartu
51%
Croatia Zadar
49%
Belarus Gomel
48%
Bosnia and Herzegovina Mostar
48%
Russia Samara
48%
Norway Stavanger
47%
Romania Iași
46%
Lithuania Klaipėda
45%
Greece Patras
45%
Latvia Daugavpils
44%
Ireland Waterford
44%
Estonia Narva
37%
Greece Larissa
36%
Croatia Osijek
35%
Hungary Szeged
35%
Albania Vlorë
35%
Slovakia Žilina
35%
Iceland Akureyri
34%
Czech Republic Liberec
34%
Slovakia Nitra
34%
Hungary Pécs
34%
Finland Vantaa
34%
Slovakia Prešov
33%
Albania Shkodër
33%
Sweden Västerås
32%
Belarus Vitebsk
32%
Bulgaria Ruse
31%
Norway Drammen
29%
Latvia Liepāja
29%
Estonia Pärnu
29%
Kosovo Prizren
29%
Serbia Subotica
29%
Slovenia Celje
28%
Denmark Esbjerg
28%
Luxembourg Esch-sur-Alzette
28%
North Macedonia Bitola
27%
Serbia Kragujevac
27%
North Macedonia Kumanovo
27%
Belarus Mogilev
27%
Montenegro Nikšić
27%
Bosnia and Herzegovina Tuzla
27%
Moldova Bălți
26%
Portugal Amadora
25%
Slovenia Koper
25%
Portugal Vila Nova de Gaia
25%
Albania Elbasan
24%
Hungary Miskolc
24%
Latvia Jelgava
23%
Lithuania Šiauliai
23%
Slovenia Kranj
22%
North Macedonia Tetovo
22%
Bosnia and Herzegovina Zenica
22%
Latvia Jūrmala
21%
Luxembourg Dudelange
20%
Montenegro Budva
19%
Moldova Bender
18%
Iceland Kópavogur
18%
Luxembourg Differdange
16%
North Macedonia Prilep
14%
Iceland Hafnarfjörður
13%
Estonia Kohtla-Järve
13%
Lithuania Panevėžys
13%
Kosovo Gjilan
12%
Montenegro Herceg Novi
11%
Montenegro Pljevlja
11%
Luxembourg Ettelbruck
9%
Kosovo Ferizaj
9%
Kosovo Gjakova
8%
Iceland Garðabær
7%
Moldova Orhei
5%
No matching quizzes found
Score Distribution
Percent of People with Each Score
Percentile by Number Answered
Your Score History
You have not taken this quiz